| 000 | 00421nam a2200205Ia 4500 | ||
|---|---|---|---|
| 001 | 003598 | ||
| 003 | YMCAF | ||
| 005 | 20230512160225.0 | ||
| 008 | 100717s1967 ||||||||||||||||| ||und|d | ||
| 024 | _a3598 | ||
| 035 | _a3572 | ||
| 040 |
_aYMCAF _beng _cIN-KoLT |
||
| 041 | _aeng | ||
| 082 | _aBAS-GBH | ||
| 100 | _aGROB BERNARD | ||
| 245 | 0 | _aBASIC TELEVISION | |
| 260 | _c1967 | ||
| 300 | _a287 | ||
| 942 |
_2ddc _cBK |
||
| 999 |
_c2841 _d2841 |
||